Léxico psico(pato)lógico en la obra de Carlos Castilla del Pino (Registre núm. 65668)

MARC details
000 -LEADER
campo de control de longitud fija 01020aam a2200385a 44500
008 - DATOS DE LONGITUD FIJA--INFORMACIÓN GENERAL
campo de control de longitud fija 110127s2010 spa
017 ## - NÚMERO DE COPYRIGHT O DE DEPÓSITO LEGAL
Número de copyright o de depósito legal SE-6649-2010
020 ## - NÚMERO INTERNACIONAL ESTÁNDAR DEL LIBRO
Número Internacional Estándar del Libro 9788437077352
041 ## - CÓDIGO DE IDIOMA
Código de lengua del texto/banda sonora o título independiente spa
041 ## - CÓDIGO DE IDIOMA
Llengües tractades cat
041 ## - CÓDIGO DE IDIOMA
Llengües tractades eng
041 ## - CÓDIGO DE IDIOMA
Llengües tractades fre
041 ## - CÓDIGO DE IDIOMA
Llengües tractades ger
100 ## - ENTRADA PRINCIPAL--NOMBRE DE PERSONA
Nombre de persona Segarra Valls, Julio José
9 (RLIN) 73592
245 ## - MENCIÓN DEL TÍTULO
Título Léxico psico(pato)lógico en la obra de Carlos Castilla del Pino
Mención de responsabilidad, etc. Julio José Segarra Valls (ed.)
260 ## - PUBLICACIÓN, DISTRIBUCIÓN, ETC.
Lugar de publicación, distribución, etc. [València]
Nombre del editor, distribuidor, etc. Universitat de València
Fecha de publicación, distribución, etc. 2010
300 ## - DESCRIPCIÓN FÍSICA
Extensión 370 p.
Dimensiones 27 cm
500 ## - NOTA GENERAL
Nota general Bibliografia
500 ## - NOTA GENERAL
Nota general Vocabulari multilingüe, p. 345-370
520 ## - RESUMEN, ETC.
Nombre de termes 590
546 ## - NOTA DE IDIOMA
Llengua de les definicions castellà
591 ## - Codi de font
Codi de font 10309
592 ## - Tipus obra
Tipus d'obra Obra terminològica
593 ## - Codi CGAT
Codi de la CGAT EC
593 ## - Codi CGAT
Codi de la CGAT EN
594 ## - Número de document
Número de document 10309
650 ## - PUNTO DE ACCESO ADICIONAL DE MATERIA--TÉRMINO DE MATERIA
Término de materia o nombre geográfico como elemento de entrada medicina clínica
9 (RLIN) 63373
650 ## - PUNTO DE ACCESO ADICIONAL DE MATERIA--TÉRMINO DE MATERIA
Término de materia o nombre geográfico como elemento de entrada psiquiatria
9 (RLIN) 61040
901 ## - ELEMENTOS DE DATOS A LOCAL LDA (RLIN)
c cop. <2010>
902 ## - ELEMENTOS DE DATOS B LOCAL, LDB (RLIN)
a 110127
942 ## - ELEMENTOS DE ENTRADA SECUNDARIOS (KOHA)
Tipo de ítem Koha Monografia
Suprimir en OPAC No
Fuente del sistema de clasificación o colocación Clasificación Decimal Dewey
Fons
Estatus retirado Estado de pérdida Estado de daño No para préstamo Biblioteca de origen Biblioteca actual Fecha de adquisición Total de préstamos Signatura topográfica completa Código de barras Visto por última vez Precio de reemplazo Tipo de ítem Koha
        TERMCAT TERMCAT 27/01/2011   EN 16 14743 30/09/2021 30/09/2021 MO